000 00735nam a22002897a 4500
001 BR7316232
003 BR-BrBNA
005 20230928084326.0
007 ta
008 230509b bl.||||| |||| 00| 0 por d
040 _aBR-BrBNA
_bpor
_cBiblioteca Nacional de Agricultura
041 _a(Por)
072 _aL10
_b5213
_b/G514
090 _ 5213 BR7316232
100 1 _aDomingues, O.
245 1 _aSobre o zebu [Brasil; Linhagem; Raca]
260 3 _aRio de Janeiro, GB (Brasil):
_c1939.
300 _a97 p.
650 _aGADO ZEBU
650 _aCRUZAMENTO ANIMAL
650 _aHIBRIDACAO
650 _aACLIMATACAO
650 _aRACA
650 _aGADO INDUBRASIL
909 _a202309
_bLucia
_c55
_dLucia Elande
942 _cBK
999 _c18187
_d18187